Random History #2 - Statistics

General Stats
  • This quiz has been taken 52 times
    40 since last reset
  • The average score is 10 of 15
Answer Stats
Question Answer % Correct
Which European people have spoken a non-Indo European language for millenia? Basques
100%
In 1962, missiles installed on what island nearly led the USA and USSR to war? Cuba
100%
Which actress starred in the title role in the 1963 movie Cleopatra? Elizabeth Taylor
100%
Which of these men was a leader of the Protestant Reformation? John Calvin
100%
Which country handed control of Macau back to China in 1999? Portugal
100%
What was the name of the first man-made satellite in space? Sputnik
100%
Which of these US states was once an independent country? Texas
100%
Who died of a nosebleed on his wedding night? Attila the Hun
67%
What modern-day country wasn't a part of the Roman Empire? Ireland
67%
Which of these empires was centered in what is now Mexico? Olmec
67%
Which island was never settled by native peoples of the Americas? Bermuda
33%
Which battle marked the decline of Spartan hegemony and the rise of Thebes? Leuctra
33%
Which historian wrote a history of Rome called Ab Urbe Condita? Livy
33%
Which of these US states was not once an independent country? Louisiana
33%
The first reliably reported battle in world history was the Battle of…? Megiddo
0%
No matching quizzes found
Score Distribution
Percent of People with Each Score
Percentile by Number Answered
Your Score History
You have not taken this quiz since the last reset